000 00461nam a22001817a 4500
003 LK-CoDNM
005 20250109144210.0
008 250102b |||||||| |||| 00| 0 eng d
040 _aLK-CoDNM
_dLK-CoDNM
_eLK-CoDNM
041 _aeng
080 _a5
_bG9
100 _aWilliam Buckler
245 _aThe larvae of the British butterflies and moths
260 _aLondon
_bThe ray society
300 _b30p. : ill ; 24 cm
650 _aScience
942 _cBK
999 _c235721
_d235721